[Event "Lugano op"]
[Site "Lugano"]
[Date "1989.??.??"]
[Round "5"]
[White "Brenninkmeijer, Joris"]
[Black "De Firmian, Nick E"]
[Result "1/2-1/2"]
[WhiteElo "2415"]
[BlackElo "2570"]

1.d4 Nf6 2.c4 e6 3.Nf3 c5 4.d5 exd5 5.cxd5 d6 6.Nc3 g6 7.g3 Bg7 8.Bg2 O-O
9.O-O Nbd7 10.Re1 a6 11.a4 Re8 12.e4 c4 13.h3 Nc5 14.Nd2 Nd3 15.Re2 Qc7 16.a5 Bd7
17.Na4 Bb5 18.Nb6 Rad8 19.Ra3 Qc5 20.Ndxc4 Nxc1 21.Qxc1 Nxd5 22.Nxd5 Qxc4
23.Qxc4 Bxc4 24.Rd2 Bxd5 25.Rxd5 Re5 26.Rxe5 Bxe5 27.Rb3 Rd7 28.Bf1 Rc7 29.Rb4 Kf8
30.Rc4 d5 31.exd5 Rxc4 32.Bxc4 Ke7 33.b4 Bc3 34.b5 axb5 35.Bxb5 Bxa5 36.Kf1 Kd6
37.Bc4 Kc5 38.Ba2 f6 39.Ke2 Kd4 40.d6 b5 41.f4 b4 42.Bg8 h6 43.Bf7 g5 44.fxg5 fxg5
45.Kf3 Ke5 46.Kg4 Kxd6 47.Kh5 Ke7 48.Bb3 Bc7 49.h4 gxh4 50.gxh4 Bf4  1/2-1/2

[Event "Lugano op"]
[Site "Lugano"]
[Date "1989.??.??"]
[Round "6"]
[White "De Firmian, Nick E"]
[Black "Ernst, Thomas"]
[Result "1-0"]
[WhiteElo "2570"]
[BlackElo "2460"]

1.e4 c5 2.Nf3 d6 3.d4 cxd4 4.Nxd4 Nf6 5.Nc3 g6 6.Be3 Bg7 7.f3 O-O 8.Qd2 Nc6
9.Bc4 Bd7 10.h4 Ne5 11.Bb3 Rc8 12.O-O-O Nc4 13.Bxc4 Rxc4 14.g4 h5 15.gxh5 Nxh5
16.Kb1 b5 17.Nde2 b4 18.Nd5 e6 19.Bg5 Qa5 20.Ne7+ Kh7 21.Qxd6 Rc7 22.Nd4 Qb6
23.e5 Re8 24.Be3 Ba4 25.Nxe6 Bxc2+ 26.Ka1 Qxe3 27.Nd5 Qh6 28.Ng5+ Kg8 29.Qxc7  1-0

[Event "New York op"]
[Site "New York"]
[Date "1989.??.??"]
[Round "1"]
[White "Ivanov, Alexander"]
[Black "De Firmian, Nick E"]
[Result "1/2-1/2"]
[WhiteElo "2470"]
[BlackElo "2570"]

1.e4 c5 2.Nf3 d6 3.d4 cxd4 4.Nxd4 Nf6 5.Nc3 a6 6.g3 e6 7.Bg2 Be7 8.O-O O-O
9.Be3 Bd7 10.g4 Nc6 11.g5 Ne8 12.f4 g6 13.Nde2 Ng7 14.Ng3 Rc8 15.Qd2 f5 16.Rad1 Be8
17.Qf2 b5 18.Rfe1 Qc7 19.exf5 gxf5 20.h4 b4 21.Na4 Ne5 22.fxe5 Bxa4 23.Bb6 Qb8
24.Ba7 Qc7 25.Bb6 Qd7 26.b3 Bb5 27.exd6 Bxd6 28.Bd4 Qc7 29.Nf1 Rfe8 30.Bxg7 e5
31.Rxd6 Qxd6 32.Bf6 f4 33.Be4 Bc6 34.Bxc6 Rxc6 35.Nh2 e4 36.Ng4 e3 37.Nh6+ Kf8
38.Qf3 Rxc2 39.Nf5 Qd2 40.Bg7+ Kg8 41.Nh6+ Kxg7 42.Qb7+ Kh8 43.Nf7+ Kg7 44.Nh6+  1/2-1/2

[Event "New York op"]
[Site "New York"]
[Date "1989.??.??"]
[Round "3"]
[White "Polgar, Zsuzsa"]
[Black "De Firmian, Nick E"]
[Result "1-0"]
[WhiteElo "2510"]
[BlackElo "2570"]

1.d4 Nf6 2.c4 e6 3.Nf3 c5 4.d5 exd5 5.cxd5 d6 6.Nc3 g6 7.e4 Bg7 8.h3 O-O
9.Bd3 a6 10.a4 Nbd7 11.Bf4 Qe7 12.O-O Nh5 13.Bg5 Bf6 14.Bh6 Bg7 15.Bg5 Bf6
16.Be3 Rb8 17.Qd2 Re8 18.Rfe1 Qd8 19.g4 Ng7 20.Kg2 Ne5 21.Nxe5 Bxe5 22.f4 Bf6
23.g5 Be7 24.Be2 Bd7 25.Bf3 f6 26.h4 Rf8 27.a5 Rf7 28.Rh1 b5 29.b4 cxb4 30.Ne2 Rc8
31.Rhc1 Rxc1 32.Nxc1 Qc8 33.Kg3 fxg5 34.hxg5 Nh5+ 35.Bxh5 gxh5 36.Nd3 Qc4
37.Nf2 b3 38.Rc1 Qa4 39.Bd4 h4+ 40.Kh2 Qa2 41.Bb2 Rxf4 42.Ra1 Bxg5 43.Rxa2 bxa2
44.Ba1 h3 45.Qxa2 Rf3 46.Qb2 Bf4+ 47.Kh1 Be5 48.Qe2 Rg3 49.Bxe5 dxe5 50.Qh5  1-0

[Event "New York op"]
[Site "New York"]
[Date "1989.??.??"]
[Round "7"]
[White "Campora, Daniel H"]
[Black "De Firmian, Nick E"]
[Result "0-1"]
[WhiteElo "2500"]
[BlackElo "2570"]

1.e4 c5 2.Nf3 d6 3.d4 cxd4 4.Nxd4 Nf6 5.Nc3 a6 6.Be3 e5 7.Nb3 Be6 8.Qd2 Nbd7
9.O-O-O Be7 10.f3 b5 11.Kb1 O-O 12.g4 Nb6 13.g5 Nfd7 14.Nd5 Bxd5 15.exd5 Qc7
16.h4 Rfc8 17.Bxb6 Nxb6 18.Bh3 Nc4 19.Qd3 Rf8 20.Rdg1 a5 21.Nd2 f5 22.gxf6 Nxd2+
23.Qxd2 Rxf6 24.h5 Rf4 25.Be6+ Kh8 26.Rg4 Raf8 27.Qg2 Bf6 28.c3 b4 29.cxb4 axb4
30.Rxf4 exf4 31.Qc2 Qa7 32.Rc1 Qd4 33.Re1 Be5 34.Re4 Qg1+ 35.Qc1 Qg5 36.Rxb4 Qxh5
37.Rc4 g6 38.Bg4 Qh4 39.Rc8 Rxc8 40.Qxc8+ Kg7 41.Qc7+ Kh6 42.a4 Qe1+ 43.Qc1 Qb4
44.Qc2 Kg5 45.Bd7 Qe1+ 46.Ka2 Qe3 47.Qg2+ Kf6 48.Bc6 Kg7 49.Bb5 Qd4 50.Bc6 Qc4+
51.Kb1 Qd3+ 52.Ka2 h5 53.a5 Bf6 54.Qf2 h4 55.Qg2 Qc4+ 56.Kb1 Qa6 57.Be8 Qd3+
58.Ka2 Qxd5+ 59.Kb1 Qf5+ 60.Kc1 Qc8+  0-1

[Event "New York op"]
[Site "New York"]
[Date "1989.??.??"]
[Round "8"]
[White "De Firmian, Nick E"]
[Black "Fishbein, Alexander"]
[Result "1-0"]
[WhiteElo "2570"]
[BlackElo "2490"]

1.e4 e5 2.Nf3 Nc6 3.Bb5 Nf6 4.O-O Bc5 5.Nxe5 Nxe5 6.d4 a6 7.Ba4 Nxe4 8.Qe2 Be7
9.Qxe4 Ng6 10.c4 O-O 11.Nc3 d6 12.Nd5 Bf6 13.Bd2 c6 14.Nxf6+ Qxf6 15.Bc2 Bd7
16.Rfe1 d5 17.cxd5 Rfe8 18.Qd3 cxd5 19.a4 h6 20.g3 Rac8 21.Bc3 Bc6 22.Re5 Qd6
23.Rae1 Nf8 24.Qf5 f6 25.Rxe8 Rxe8 26.Rxe8 Bxe8 27.Qc8 Qd7 28.Qb8 Kf7 29.h4 h5
30.Qf4 Qg4 31.Qc7+ Qd7 32.Qf4 Qg4 33.Qxg4 hxg4 34.Bd1 Bd7 35.f3 gxf3 36.Bxf3 Be6
37.Kf2 Nd7 38.Ke3 Nb8 39.Bh5+ Kg8 40.Bg6 Nc6 41.Kf4 Ne7 42.Bd3 Kf7 43.g4 Bd7
44.Bc2 Ng6+ 45.Kg3 Nf8 46.Bd2 Ne6 47.Be3 Ke7 48.Bd1 Kf7 49.Bf3 Bc6 50.b3 Kf8
51.Be2 Kf7 52.Bd3 Bd7 53.Kf3 Kf8 54.Bf2 Kf7 55.Ke3 Kf8 56.Be2 Ke7 57.Bg3 Bc6
58.Bf3 Kd7 59.Kd3 Kd8 60.Kc3 Kd7 61.Bf2 Kc7 62.Kb4 Kb6 63.Bg3 a5+ 64.Kc3 Ka6
65.Bd6 b5 66.g5 fxg5 67.Bg4 b4+ 68.Kb2 Nf4 69.hxg5 Nd3+ 70.Kc2 Nf2 71.Bc8+ Kb6
72.g6 Be8 73.Bf5 Ne4 74.Be5 Kb7 75.Kd3 Kb6 76.Ke3 Kb7 77.Be6 Ng5 78.Bxd5+ Kc8
79.Bf6 Nh3 80.Bxg7 Bxg6 81.Be6+ Kc7 82.Bxh3 Bf7 83.Bf1 Bxb3 84.Bb5 Kd6 85.Be5+ Kd5
86.Bc7  1-0

[Event "New York op"]
[Site "New York"]
[Date "1989.??.??"]
[Round "9"]
[White "Gufeld, Eduard"]
[Black "De Firmian, Nick E"]
[Result "1/2-1/2"]
[WhiteElo "2490"]
[BlackElo "2570"]

1.Nf3 c5 2.c4 Nf6 3.Nc3 e6 4.g3 b6 5.Bg2 Bb7 6.O-O Nc6 7.e4 d6 8.d4 cxd4
9.Nxd4 Nxd4 10.Qxd4 Be7 11.b3 O-O 12.Ba3 Qc7 13.Rfd1 Rfd8 14.Rac1 Rd7 15.h3 Rad8
16.Qe3 h6 17.Rd3 Ne8 18.Rcd1 Bc6 19.Bb4 a6 20.a4 Bf8 21.Bf3 Nf6 22.Ba3 Qb8
23.Bb2 Rc8 24.Ne2 e5 25.Nc3 b5 26.axb5 axb5 27.cxb5 Bxb5 28.Nxb5 Qxb5 29.Bg4 Nxg4
30.hxg4 Rb7 31.Ba3 Ra8 32.Bxd6 Bxd6 33.Rxd6 Qxb3  1/2-1/2

[Event "World op"]
[Site "Philadelphia"]
[Date "1989.??.??"]
[Round "2"]
[White "Polaczek, Richard"]
[Black "De Firmian, Nick E"]
[Result "1/2-1/2"]
[WhiteElo "2375"]
[BlackElo "2570"]

1.d4 Nf6 2.c4 e6 3.Nf3 c5 4.d5 exd5 5.cxd5 d6 6.Nc3 g6 7.Bg5 h6 8.Bh4 g5
9.Bg3 Nh5 10.e3 Nxg3 11.hxg3 Bg7 12.Qc2 Nd7 13.Bd3 Qe7 14.Bf5 O-O 15.O-O a6
16.a4 Rb8 17.a5 b5 18.axb6 Rxb6 19.Ra4 Ne5 20.Bxc8 Rxc8 21.Nxe5 Bxe5 22.f4 Bg7
23.Qf5 Rc7 24.Ne4 gxf4 25.Rxf4 Bxb2 26.Rg4+ Kh8 27.Rd4 Bxd4 28.exd4 f6 29.Qg6 Rb1+
30.Kh2 Qf7 31.Qf5 Qf8 32.dxc5 dxc5 33.Nxf6 Rb6 34.Qe5 Rxf6 35.Qxc7 a5 36.Qxa5 Rf5
37.Qa1+ Qf6 38.Qa8+ Qf8 39.Qc6 Qf6 40.Qe8+ Qf8 41.Qe4 Qf6 42.Qe8+ Qf8 43.Qc6 Qf6
44.Qa8+ Qf8 45.Qb7 Qf7 46.Qc6  1/2-1/2

[Event "World op"]
[Site "Philadelphia"]
[Date "1989.??.??"]
[Round "4"]
[White "Byrne, Robert E"]
[Black "De Firmian, Nick E"]
[Result "0-1"]
[WhiteElo "2465"]
[BlackElo "2570"]

1.d4 Nf6 2.c4 e6 3.Nc3 Bb4 4.a3 Bxc3+ 5.bxc3 O-O 6.f3 Ne8 7.e4 b6 8.Nh3 Ba6
9.Bg5 f6 10.Be3 Nc6 11.Bd3 Na5 12.c5 Bxd3 13.Qxd3 d5 14.O-O c6 15.Rfe1 Qd7
16.Re2 Nc7 17.a4 Rfe8 18.Rae1 b5 19.axb5 Nxb5 20.Bf2 Nc4 21.Nf4 a5 22.Qc2 a4
23.Nd3 a3 24.Nb4 g6 25.Qc1 Kg7 26.h4 Kg8 27.h5 gxh5 28.Bh4 a2 29.Rxa2 Rxa2
30.Nxa2 Kg7 31.Nb4 Rf8 32.Re2 e5 33.exd5 cxd5 34.Qe1 Kh8 35.dxe5 fxe5 36.Bg3 Rg8
37.Nd3 e4 38.Ne5 Qg7 39.Nxc4 Qxg3 40.Qxg3 Rxg3 41.Nd6 Nxc3 42.Rc2 exf3 43.c6 Ne2+
44.Kf2 fxg2  0-1

[Event "Reggio Emilia8990"]
[Site "Reggio Emilia"]
[Date "1989.??.??"]
[Round "4"]
[White "Georgiev, Kiril"]
[Black "De Firmian, Nick E"]
[Result "1/2-1/2"]
[WhiteElo "2590"]
[BlackElo "2570"]

1.c4 c5 2.Nc3 Nc6 3.Nf3 Nf6 4.d4 cxd4 5.Nxd4 e6 6.Ndb5 d5 7.Bf4 e5 8.cxd5 exf4
9.dxc6 bxc6 10.Qxd8+ Kxd8 11.Rd1+ Bd7 12.Nd6 Kc7 13.Nxf7 Rg8 14.Ne5 Rb8 15.Nxd7 Nxd7
16.g3 Rxb2 17.Bh3 Nc5 18.Rd2 Rxd2 19.Kxd2 Bd6 20.Rc1 Rd8 21.Ke1 h6 22.Bg2 g5
23.Ne4 Nxe4 24.Bxe4 Bb4+ 25.Kf1 c5 26.a3 Bxa3 27.Ra1 Rd4 28.Rxa3 Rxe4 29.Rxa7+ Kb6
30.Rh7 c4 31.Rxh6+ Kb5 32.Ke1 Rd4 33.e3 Rd8 34.gxf4 c3 35.Rh7 Kb6 36.Rh6+ Kb5
37.Rh7 c2 38.Rc7 Rd1+ 39.Ke2 c1=Q 40.Rxc1 Rxc1 41.fxg5 Kc4 42.f4 Kd5 43.Kf3 Rf1+
44.Kg2 Rc1 45.Kf2 Rh1 46.Kg2 Re1 47.Kf2 Rh1 48.Kg2  1/2-1/2

[Event "Biel"]
[Site "Biel"]
[Date "1990.??.??"]
[Round "4"]
[White "De Firmian, Nick E"]
[Black "Hort, Vlastimil"]
[Result "1/2-1/2"]
[WhiteElo "2560"]
[BlackElo "2545"]

1.e4 c6 2.d4 d5 3.Nd2 dxe4 4.Nxe4 Nf6 5.Nxf6+ exf6 6.c3 Bf5 7.Ne2 Bd6 8.Ng3 Qe7+
9.Be3 Bg6 10.Bd3 O-O 11.Nf5 Bxf5 12.Bxf5 g6 13.Bd3 Bf4 14.Qf3 Bxe3 15.fxe3 f5
16.O-O Nd7 17.Rae1 Nf6 18.e4 Nxe4 19.Bxe4 fxe4 20.Rxe4 Qd7 21.Rfe1 Rae8 22.h3 Rxe4
23.Qxe4 f6 24.Qe7 Qxe7 25.Rxe7 Rf7  1/2-1/2

[Event "Biel"]
[Site "Biel"]
[Date "1990.??.??"]
[Round "5"]
[White "Wahls, Matthias"]
[Black "De Firmian, Nick E"]
[Result "1/2-1/2"]
[WhiteElo "2525"]
[BlackElo "2560"]

1.e4 c5 2.Nf3 d6 3.d4 cxd4 4.Nxd4 Nf6 5.Nc3 a6 6.Be2 e5 7.Nb3 Be7 8.O-O O-O
9.Be3 Be6 10.Qd2 Nbd7 11.a4 Rc8 12.a5 Re8 13.Rfd1 h6 14.Bf3 Qc7 15.Qe1 Rf8
16.Rd2 Qb8 17.Qd1 Rc4 18.Kh1 Rfc8 19.Kg1 Rb4 20.Nc1 b5 21.axb6 Rxb2 22.Nd3 Rxb6
23.Bxb6 Nxb6 24.Na4 Nc4 25.Re2 Bd7 26.Rb1 Qa7 27.Ndb2 Na3 28.Rc1 Nb5 29.c3 Qc7
30.Re1 Qa5 31.Nd3 Rc4 32.Ndb2 Rc8 33.Nd3 Be6 34.Ra1 Qd8 35.Qd2 Bb3 36.Qb2 Bc4
37.Red1 Qc7 38.Nb4 Qa7 39.Be2  1/2-1/2

[Event "Biel"]
[Site "Biel"]
[Date "1990.??.??"]
[Round "10"]
[White "De Firmian, Nick E"]
[Black "Polugaevsky, Lev"]
[Result "0-1"]
[WhiteElo "2560"]
[BlackElo "2610"]

1.e4 c5 2.Nf3 d6 3.d4 cxd4 4.Nxd4 Nf6 5.Nc3 a6 6.f4 e6 7.Qf3 Qb6 8.a3 Nc6
9.Nb3 Qc7 10.Bd3 g6 11.O-O Bg7 12.Be3 O-O 13.Rae1 b5 14.e5 dxe5 15.Bc5 Bb7
16.Bxf8 Rxf8 17.Qe3 Bh6 18.Qh3 Bxf4 19.Kh1 Ne7 20.Ne2 Ned5 21.Qh4 Kg7 22.Nxf4 Nxf4
23.Rf2 h6 24.Kg1 Rd8 25.Nd2 Rd4 26.Qg3 Ng4 27.Qxg4 Nxd3 28.Qxd4 exd4 29.cxd3 e5
30.Nb3 Bd5 31.Rc1 Qe7 32.Nc5 a5 33.b4 axb4 34.axb4 h5 35.Re1 h4 36.Rfe2 Qg5
37.h3 Qg3 38.Rf2 Bxg2  0-1

[Event "Biel"]
[Site "Biel"]
[Date "1990.??.??"]
[Round "12"]
[White "De Firmian, Nick E"]
[Black "Wahls, Matthias"]
[Result "0-1"]
[WhiteElo "2560"]
[BlackElo "2525"]

1.e4 e5 2.Nf3 Nc6 3.Bb5 a6 4.Ba4 Nf6 5.O-O Be7 6.Re1 b5 7.Bb3 O-O 8.c3 d5
9.exd5 Nxd5 10.Nxe5 Nxe5 11.Rxe5 c6 12.d3 Bd6 13.Re1 Qh4 14.g3 Qh3 15.Re4 Bb7
16.Nd2 Qd7 17.Nf3 c5 18.a4 b4 19.Ne5 Qc7 20.Nc4 bxc3 21.Qf1 Be7 22.bxc3 Bf6
23.Bb2 Nxc3 24.Ree1 Bd4 25.Ne3 Qc6 26.Ng2 Rab8 27.Ra3 Rfe8 28.Bxc3 Bxc3 29.Rb1 Ba8
30.h3 Bb2 31.Ra2 Rxb3 32.Raxb2 Rxb2 33.Rxb2 Qxa4 34.Qc1 Qc6 35.f4 h6 36.Kh2 Rd8
37.Qc3 Qd5 38.Rc2 Rc8 39.Qc4 Qxc4 40.Rxc4 Bd5 41.Rc2 a5 42.Ne3 Bb3 43.Rc3 a4
44.Kg2 Ra8 45.Rxc5 a3 46.Rc1 a2 47.Ra1 Rd8 48.Kf2 Rxd3 49.Ke2 Rd8 50.h4 f6
51.g4 Rd4 52.f5 h5 53.g5 Rxh4 54.g6 Rd4 55.Nf1 Kf8 56.Nd2 Bd5 57.Ke3 Ra4  0-1

[Event "Biel"]
[Site "Biel"]
[Date "1990.??.??"]
[Round "13"]
[White "Lautier, Joel"]
[Black "De Firmian, Nick E"]
[Result "1/2-1/2"]
[WhiteElo "2570"]
[BlackElo "2560"]

1.c4 c5 2.Nf3 Nc6 3.d4 cxd4 4.Nxd4 Nf6 5.Nc3 e6 6.Bg5 Be7 7.e3 O-O 8.Be2 b6
9.O-O Bb7 10.Bxf6 Bxf6 11.Ndb5 Ne7 12.Qb3 d6 13.Rfd1 Nc8 14.Rac1 a6 15.Nd4 Qc7
16.Qc2 Na7 17.Na4 Rac8 18.Qd2 Rfd8 19.b3 Ba8  1/2-1/2

[Event "Biel"]
[Site "Biel"]
[Date "1990.??.??"]
[Round "14"]
[White "De Firmian, Nick E"]
[Black "Karpov, Anatoly"]
[Result "0-1"]
[WhiteElo "2560"]
[BlackElo "2730"]

1.e4 c6 2.d4 d5 3.Nd2 dxe4 4.Nxe4 Nd7 5.Ng5 Ndf6 6.Bc4 e6 7.Ne2 c5 8.O-O h6
9.Nf3 a6 10.a4 cxd4 11.Nexd4 Bd6 12.Qe2 Ne7 13.Ne5 Qc7 14.Ndf3 O-O 15.b3 b6
16.Bb2 Bb7 17.Rad1 Ned5 18.Rd4 b5 19.Bxd5 Bxd5 20.Ng4 Be7 21.Nfe5 Qb7 22.Nxf6+ Bxf6
23.Rg4 Kh8 24.c4 bxc4 25.Nd7 Bxb2 26.Qxb2 Rg8 27.Rh4 Kh7 28.Ne5 cxb3 29.Re1 Rac8
30.Qd2 f5 31.g4 g5 32.Rh3 Rc2  0-1

[Event "New York op"]
[Site "New York"]
[Date "1990.??.??"]
[Round "2"]
[White "De Firmian, Nick E"]
[Black "D'Amore, Carlo"]
[Result "1/2-1/2"]
[WhiteElo "2565"]
[BlackElo "2410"]

1.e4 e5 2.Nf3 Nc6 3.Bb5 Nge7 4.O-O g6 5.c3 Bg7 6.d4 exd4 7.cxd4 d5 8.exd5 Nxd5
9.Bg5 Qd6 10.Re1+ Be6 11.Nbd2 O-O 12.Ne4 Qb4 13.Bxc6 bxc6 14.Qc2 Rfe8 15.h3 Qb5
16.Qd2 Qb4 17.Rac1 Qxd2 18.Bxd2 Ne7 19.b3 Nf5 20.Bf4 Bd5 21.Ned2 Nxd4 22.Nxd4 Bxd4
23.Bxc7 Rxe1+ 24.Rxe1 a5 25.Nc4 a4 26.Bf4 axb3 27.axb3 Ra2 28.Be3 Bxe3 29.Rxe3 Rc2
30.Nd6 Rb2 31.Nc8 Rxb3  1/2-1/2

[Event "New York op"]
[Site "New York"]
[Date "1990.??.??"]
[Round "3"]
[White "Brooks, Michael A"]
[Black "De Firmian, Nick E"]
[Result "0-1"]
[WhiteElo "2460"]
[BlackElo "2565"]

1.e4 c5 2.Nf3 d6 3.d4 cxd4 4.Nxd4 Nf6 5.Nc3 a6 6.Be2 e5 7.Nf3 Be7 8.O-O O-O
9.a4 Be6 10.b3 Nc6 11.Bb2 Rc8 12.Re1 h6 13.h3 Nb4 14.Nd2 Qc7 15.Bc4 Rfd8
16.Rc1 Qa5 17.Bxe6 fxe6 18.Nc4 Qc7 19.a5 Nc6 20.Ra1 Rf8 21.Nb1 Nxe4 22.Rxe4 d5
23.Nb6 dxe4 24.Nxc8 Bc5 25.Nd2 Bxf2+ 26.Kh1 e3 27.Nb6 exd2 28.Nc4 e4 29.Qxd2 Qg3
30.Rf1 e3 31.Qe2 Rf5 32.Bc3 Rg5 33.Nxe3 Qxe3 34.Rxf2 Qxc3 35.Qxe6+ Kh7 36.Qe4+ Rg6
37.Rf5 Qd4 38.Qxd4 Nxd4 39.Rf7 Nxc2 40.Rxb7 Nd4 41.b4 Rf6 42.Rd7 Nc6 43.Rb7 Rf4
44.Rb6 Nxb4 45.Kh2 h5 46.g3 Rc4 47.Kg2 g6 48.h4 Kh6 49.Kf3 Nc6 50.Rxa6 Rc5
51.g4 Rc3+ 52.Kg2 hxg4 53.Ra8 Ra3 54.a6 Kg7 55.Kh2 Nd4 56.a7 Nf5  0-1

[Event "New York op"]
[Site "New York"]
[Date "1990.??.??"]
[Round "4"]
[White "De Firmian, Nick E"]
[Black "Lein, Anatoly"]
[Result "1-0"]
[WhiteElo "2565"]
[BlackElo "2485"]

1.e4 c5 2.Nf3 d6 3.d4 cxd4 4.Nxd4 Nf6 5.Nc3 Nc6 6.Bc4 e6 7.Be3 Be7 8.Bb3 O-O
9.Qe2 a6 10.O-O-O Qc7 11.g4 Nxd4 12.Rxd4 Nd7 13.f4 b5 14.g5 Nc5 15.Rg1 Rb8
16.Kb1 a5 17.f5 a4 18.f6 axb3 19.axb3 b4 20.Nb5 Qa5 21.fxe7 Re8 22.Nxd6 Ra8
23.Kc1 Ba6 24.Nc4 Qa2 25.Rgd1 e5 26.Rd8 Nxe4 27.c3 Bxc4 28.Rxa8 Qxa8 29.Qxc4 bxc3
30.Qa4 cxb2+ 31.Kxb2 Qxa4 32.bxa4 f5 33.gxf6 gxf6 34.Rd8 Kf7 35.Rxe8 Kxe8
36.a5 Nd6 37.a6 Nc8 38.Bc5  1-0

[Event "New York op"]
[Site "New York"]
[Date "1990.??.??"]
[Round "5"]
[White "Ubilava, Elizbar"]
[Black "De Firmian, Nick E"]
[Result "1/2-1/2"]
[WhiteElo "2515"]
[BlackElo "2565"]

1.c4 c5 2.Nf3 Nc6 3.Nc3 Nf6 4.d4 cxd4 5.Nxd4 e6 6.Ndb5 d5 7.Bf4 e5 8.cxd5 exf4
9.dxc6 bxc6 10.Qxd8+ Kxd8 11.Rd1+ Bd7 12.Nd6 Bxd6 13.Rxd6 Rb8 14.Rd2 Re8
15.g3 f3 16.Kd1 fxe2+ 17.Bxe2 Kc7 18.Kc1 Ne4 19.Nxe4 Rxe4 20.Rhd1 Be6 21.b3 a5
22.Rc2 Reb4 23.Bf3 R8b6 24.Bd5 Bxd5 25.Rxd5 a4 26.bxa4 Rxa4 27.Re5 Rd4 28.Re7+ Rd7
29.Rxd7+ Kxd7 30.Rb2 Rb5 31.a4 Ra5 32.Rb4 c5 33.Rf4 Ke6 34.Kb2 g5 35.Re4+ Kd5
36.Re7 Rxa4 37.Rxf7 h6 38.Rf6 Re4 39.Kc3 Re6 40.Rxe6 Kxe6 41.Kc4 Kd6  1/2-1/2

[Event "New York op"]
[Site "New York"]
[Date "1990.??.??"]
[Round "7"]
[White "Ernst, Thomas"]
[Black "De Firmian, Nick E"]
[Result "1/2-1/2"]
[WhiteElo "2440"]
[BlackElo "2565"]

1.e4 c5 2.Nf3 d6 3.d4 cxd4 4.Nxd4 Nf6 5.Nc3 a6 6.Bg5 e6 7.f4 Be7 8.Qf3 Qc7
9.O-O-O Nbd7 10.g4 b5 11.Bxf6 Nxf6 12.g5 Nd7 13.f5 Nc5 14.f6 gxf6 15.gxf6 Bf8
16.a3 Bd7 17.Qh5 Qa5 18.Be2 b4 19.axb4 Qxb4 20.Rhf1 Rb8 21.Qxf7+ Kd8 22.Nb3 a5
23.Qh5 Nxb3+ 24.cxb3 a4 25.Kd2 Qxb3 26.Qa5+ Qb6 27.Qxb6+ Rxb6 28.Kc2 Bh6
29.Rd4 Rf8 30.Nxa4 Rc6+ 31.Nc3 Bg5 32.Bb5 Rxc3+ 33.bxc3 Bxb5 34.Rb1 Bxf6
35.Rxb5 Bxd4 36.Rb8+  1/2-1/2

[Event "New York op"]
[Site "New York"]
[Date "1990.??.??"]
[Round "8"]
[White "De Firmian, Nick E"]
[Black "San Segundo, Pablo"]
[Result "0-1"]
[WhiteElo "2565"]
[BlackElo "2405"]

1.e4 c5 2.Nf3 Nc6 3.d4 cxd4 4.Nxd4 Nf6 5.Nc3 e5 6.Ndb5 d6 7.Bg5 a6 8.Na3 b5
9.Nd5 Qa5+ 10.Bd2 Qd8 11.Nxf6+ Qxf6 12.Bd3 d5 13.exd5 Nb4 14.O-O Nxd3 15.cxd3 Bd6
16.Qb3 O-O 17.Nc2 Bd7 18.Bb4 a5 19.Bxd6 Qxd6 20.d4 e4 21.f3 Rae8 22.Rae1 a4
23.Qb4 Qxd5 24.fxe4 Rxe4 25.Rxe4 Qxe4 26.Qd2 Rc8 27.Nb4 Re8 28.Qf2 f6 29.a3 Bc6
30.h3 Bd5 31.Kh2 Bc4 32.Rd1 Bd5 33.Rd2 f5 34.Nd3 Bc4 35.Ne5 Rd8 36.Qg3 Be6
37.Nf3 h6 38.Qc7 Rc8 39.Qd6 Bd5 40.Kg3 Rc1 41.Qb8+ Kh7 42.Qe5 Rf1 43.Rf2 f4+  0-1

[Event "New York op"]
[Site "New York"]
[Date "1990.??.??"]
[Round "9"]
[White "Saidy, Anthony Fred"]
[Black "De Firmian, Nick E"]
[Result "1-0"]
[WhiteElo "2380"]
[BlackElo "2565"]

1.Nf3 c5 2.c4 Nc6 3.Nc3 Nf6 4.d4 cxd4 5.Nxd4 e6 6.Bg5 Be7 7.e3 O-O 8.Rc1 d6
9.Be2 a6 10.O-O Bd7 11.Qd2 Nxd4 12.Qxd4 Bc6 13.b4 Qb8 14.Rfd1 Rd8 15.a4 Qc7
16.a5 Rac8 17.h3 Qb8 18.b5 Be8 19.Ne4 e5 20.Qd3 d5 21.Nxf6+ Bxf6 22.Bxf6 gxf6
23.Qf5 Kg7 24.cxd5 Bxb5 25.Bxb5 axb5 26.Qg4+ Kh8 27.Rxc8 Qxc8 28.Qb4 Qc2
29.Rb1 Qd3 30.Qxb5 Rxd5 31.Qe8+ Kg7 32.Rxb7 Qg6 33.a6 Rd2 34.a7  1-0

[Event "Novi Sad ol (Men)"]
[Site "Novi Sad"]
[Date "1990.??.??"]
[Round "5"]
[White "Wahls, Matthias"]
[Black "De Firmian, Nick E"]
[Result "1/2-1/2"]
[WhiteElo "2525"]
[BlackElo "2560"]

1.Nf3 c5 2.g3 g6 3.Bg2 Bg7 4.O-O Nc6 5.d3 Nf6 6.e4 O-O 7.Nc3 d6 8.h3 Rb8
9.a4 a6 10.Be3 e5 11.Qd2 Nd4 12.Ne1 b5 13.axb5 axb5 14.Bg5 Ne6 15.Bh4 h6
16.Bxf6 Bxf6 17.Nd5 Bg7 18.Qa5 Bb7 19.Qxd8 Rfxd8 20.c3 Ra8  1/2-1/2

[Event "Novi Sad ol (Men)"]
[Site "Novi Sad"]
[Date "1990.??.??"]
[Round "8"]
[White "Chandler, Murray G"]
[Black "De Firmian, Nick E"]
[Result "1-0"]
[WhiteElo "2560"]
[BlackElo "2560"]

1.e4 c5 2.Nf3 d6 3.d4 cxd4 4.Nxd4 Nf6 5.Nc3 a6 6.Be3 e5 7.Nb3 Be6 8.f3 b5
9.a4 b4 10.Nd5 Bxd5 11.exd5 Nbd7 12.a5 Qc7 13.Qd2 Qb7 14.Bc4 Be7 15.Ra4 Rb8
16.O-O O-O 17.Rd1 Rfc8 18.Qe2 Qc7 19.Bxa6 Qxc2 20.Qxc2 Rxc2 21.Ra2 Bd8 22.Bd3 Rcc8
23.a6 Bb6 24.Bxb6 Nxb6 25.a7 Ra8 26.Ra6 Nbxd5 27.Bf5 Rc7 28.Rxd6 Rcxa7 29.R6xd5 Nxd5
30.Rxd5 g6 31.Bb1 f6 32.Kf2 Rb8 33.Ke3 Kf8 34.Bd3 Ra2 35.Nc5 Kg7 36.Rd7+ Kh6
37.h4 Rxb2 38.g4 Rg2 39.Ne4 Rf8 40.Nxf6 Rxf6 41.g5+ Rxg5 42.hxg5+ Kxg5 43.Rxh7 Rb6
44.Rh1 b3 45.Rg1+ Kh6 46.Ke4 Rd6 47.Bb1 Rf6 48.Rg3 Rf5 49.Kd5 e4+ 50.Kxe4 Rb5
51.Rg1 b2 52.Kf4 Rb4+ 53.Be4 Rb6 54.Ke5 Rb5+ 55.Kf6 Rb6+ 56.Kf7 Ra6 57.f4 Ra7+
58.Ke6 Ra6+ 59.Kf7 Ra7+ 60.Kf8 Ra1 61.Rxg6+ Kh5 62.Rb6 Ra4 63.Bg6+  1-0

[Event "Reykjavik op"]
[Site "Reykjavik"]
[Date "1990.??.??"]
[Round "1"]
[White "Hassabis, Demis"]
[Black "De Firmian, Nick E"]
[Result "0-1"]
[WhiteElo "2300"]
[BlackElo "2565"]

1.e4 c5 2.Nf3 d6 3.d4 cxd4 4.Nxd4 Nf6 5.Nc3 a6 6.Bd3 e5 7.Nde2 Be7 8.O-O O-O
9.Be3 b5 10.a3 Nbd7 11.Ng3 Nc5 12.f4 Ng4 13.Qf3 Nxe3 14.Qxe3 exf4 15.Qxf4 Bf6
16.Nf5 Be5 17.Qf3 Be6 18.Rad1 Rc8 19.Rfe1 g6 20.Ne3 Nxd3 21.Rxd3 Bxh2+ 22.Kf2 Be5
23.Rh1 Qg5 24.Ncd5 f5 25.Ke2 f4  0-1

[Event "Reykjavik op"]
[Site "Reykjavik"]
[Date "1990.??.??"]
[Round "4"]
[White "De Firmian, Nick E"]
[Black "Wedberg, Tom"]
[Result "1-0"]
[WhiteElo "2565"]
[BlackElo "2485"]

1.d4 Nf6 2.Nf3 e6 3.Bg5 c5 4.e3 Be7 5.Nbd2 cxd4 6.exd4 b6 7.Bd3 Bb7 8.O-O d6
9.Re1 O-O 10.c3 Nbd7 11.a4 a6 12.Qe2 Re8 13.Nf1 Qc8 14.Bc2 Bc6 15.Ne3 Qb7
16.Nd2 Nf8 17.h4 b5 18.h5 h6 19.Bxf6 Bxf6 20.Qg4 Rad8 21.axb5 axb5 22.Nb3 Qc7
23.Qg3 Kh8 24.Nc5 Ra8 25.Na6 Qb6 26.Nb4 Rxa1 27.Rxa1 Ra8 28.Re1 Bb7 29.Ng4 Bg5
30.f4 Bd8 31.Kh1 Qc7 32.f5 exf5 33.Bxf5 Bg5 34.Bc2 Qd7 35.d5 f5 36.Nf2 Rd8
37.Nh3 Nh7 38.Qf3 Rf8 39.Rf1 Bc8 40.Nc6 Nf6 41.Nxg5 hxg5 42.Bxf5 Qxf5 43.Qxf5 Bxf5
44.Rxf5 g4 45.Kh2 Kh7 46.Nd4 Rb8 47.Kg3 Rb7 48.Kh4 b4 49.c4 Ra7 50.Nb5 Ra2
51.Rf2 Ne4 52.Re2 Nc3 53.bxc3 Rxe2 54.cxb4 Rxg2 55.Nxd6 g6 56.c5 gxh5 57.Kxh5 g3
58.Kg4 Rd2 59.Kxg3 Rxd5 60.Kf3 Kg7 61.Ke4 Rd1 62.Ke5 Re1+ 63.Kd5 Kf6 64.b5 Ke7
65.Kc6  1-0

[Event "Reykjavik op"]
[Site "Reykjavik"]
[Date "1990.??.??"]
[Round "6"]
[White "De Firmian, Nick E"]
[Black "Azmaiparashvili, Zurab"]
[Result "1-0"]
[WhiteElo "2565"]
[BlackElo "2610"]

1.e4 d6 2.d4 g6 3.Nc3 Bg7 4.f4 Nc6 5.Be3 Nf6 6.Nf3 O-O 7.e5 Ng4 8.Bg1 Nh6
9.h3 f6 10.d5 Nb4 11.a3 Na6 12.e6 c6 13.Bxa6 bxa6 14.Nd4 c5 15.Nc6 Qc7 16.Qf3 f5
17.g4 Kh8 18.g5 Ng8 19.h4 h5 20.gxh6 Bxc3+ 21.Qxc3+ Nf6 22.O-O-O Kh7 23.h5 Rg8
24.hxg6+ Rxg6 25.Qa5 Qxa5 26.Nxa5 Rb8 27.Nc6 Rb7 28.c4 a5 29.Nxa5 Rc7 30.Bf2 Ba6
31.Bh4 Ng4 32.b3 Bb7 33.Kd2 Ba8 34.Rdg1 Rg8 35.Be1 Rcc8 36.Rh5 Nf6 37.Rxg8 Rxg8
38.Rxf5 Rg4 39.Ke2 Kxh6 40.Kf3 Rg6 41.Bh4 Nh7 42.Kf2 Rg7 43.Rf7 Rxf7 44.exf7 Kg7
45.Bxe7 Kxf7 46.Bxd6 Nf6 47.Kf3 Nd7 48.f5 Kf6 49.Kf4 a6 50.Nc6 Bb7 51.Be7+  1-0

[Event "Reykjavik op"]
[Site "Reykjavik"]
[Date "1990.??.??"]
[Round "8"]
[White "De Firmian, Nick E"]
[Black "Dolmatov, Sergey"]
[Result "1/2-1/2"]
[WhiteElo "2565"]
[BlackElo "2620"]

1.e4 e6 2.d4 d5 3.Nc3 Nf6 4.e5 Nfd7 5.f4 c5 6.Nf3 Nc6 7.Be3 cxd4 8.Nxd4 Bc5
9.Qd2 Bxd4 10.Bxd4 Nxd4 11.Qxd4 Qb6 12.Qxb6 Nxb6 13.Nb5 Ke7 14.Bd3 Bd7 15.Nd4 a6
16.Kd2 h5 17.b3 g6 18.a4 Nc8 19.b4 Na7 20.b5 axb5 21.axb5 Rhb8 22.Ra2 Nc8
23.Rha1 Nb6 24.Kc3 Kd8 25.Kb4 Kc7 26.Rxa8 Rxa8 27.Rxa8 Nxa8 28.Nf3 Nb6 29.h4 Be8
30.g3 Nc8 31.Nd2 Nb6 32.c3 Nc8 33.c4 dxc4 34.Nxc4 b6 35.Be4 Bd7 36.Ne3 Ne7
37.g4 hxg4 38.Nxg4 Nf5 39.Bxf5 exf5 40.Nf6 Be6 41.Kc3 Kd8 42.h5 gxh5 43.Nxh5 Ke7
44.Nf6 Kd8 45.Kd3 Ke7 46.Kd4 Kd8 47.Nh5 Ke7 48.Ng3 Kd8 49.Ne2 Ke7 50.Nc3 Kd8
51.Na4 Kc7 52.Ke3 Bc4  1/2-1/2

[Event "USA op"]
[Site "USA"]
[Date "1990.??.??"]
[Round "?"]
[White "Alburt, Lev O"]
[Black "De Firmian, Nick E"]
[Result "1-0"]
[WhiteElo "2565"]
[BlackElo "2565"]

1.d4 Nf6 2.c4 c5 3.d5 e6 4.Nc3 exd5 5.cxd5 d6 6.Nf3 g6 7.h3 Bg7 8.e4 O-O
9.Be2 b5 10.Qc2 Nh5 11.Bf1 f6 12.g3 Bh8 13.Be2 g5 14.Bd3 Qc7 15.Qb1 Qd7 16.Ne2 Qb7
17.Bf4 Re8  1-0